LIBRARY & INFORMATION CENTRE, KCAET, TAVANUR

ONLINE PUBLIC ACCESS CATALOGUE (OPAC)

Energy Development Quality Life 12th Congress of the World Energy Conference: General Reports (Record no. 5939)

MARC details
000 -LEADER
fixed length control field 00395cam a2200121ua 4500
008 - FIXED-LENGTH DATA ELEMENTS--GENERAL INFORMATION
fixed length control field 250121b |||||||| |||| 00| 0 eng d
082 ## - DEWEY DECIMAL CLASSIFICATION NUMBER
Classification number 333.7912
Item number ORG/CO
245 ## - TITLE STATEMENT
Title Energy Development Quality Life 12th Congress of the World Energy Conference: General Reports
250 ## - EDITION STATEMENT
Edition statement 1 /
260 ## - PUBLICATION, DISTRIBUTION, ETC. (IMPRINT)
Place of publication Delhi :
Name of publisher Organizing committee,world energy conference ,
Year of publication 1983.
300 ## - PHYSICAL DESCRIPTION
Number of Pages 111 ; .
942 ## - ADDED ENTRY ELEMENTS (KOHA)
Koha item type Books
Holdings
Withdrawn status Lost status Damaged status Collection code Home library Current library Shelving location Date acquired Full call number Accession Number Koha item type
      Reference KAUAET KAUAET Reference 01/10/1986 333.7912.ORG/CO 15812 Reference
free website counter